US Masters Golf Champions - Statistics

General Stats
  • This quiz has been taken 453 times
  • The average score is 39 of 78
Answer Stats
Hint Answer % Correct
2005 Tiger Woods
97%
2002 Tiger Woods
97%
2001 Tiger Woods
97%
1997 Tiger Woods
97%
1986 Jack Nicklaus
82%
1975 Jack Nicklaus
82%
1972 Jack Nicklaus
82%
1966 Jack Nicklaus
82%
1965 Jack Nicklaus
82%
1963 Jack Nicklaus
82%
2010 Phil Mickelson
80%
2006 Phil Mickelson
80%
2004 Phil Mickelson
80%
1964 Arnold Palmer
77%
1962 Arnold Palmer
77%
1960 Arnold Palmer
77%
1958 Arnold Palmer
77%
2014 Bubba Watson
75%
2012 Bubba Watson
75%
1978 Gary Player
73%
1974 Gary Player
73%
1961 Gary Player
73%
1996 Nick Faldo
69%
1990 Nick Faldo
69%
1989 Nick Faldo
69%
2013 Adam Scott
65%
1981 Tom Watson
64%
1977 Tom Watson
64%
1983 Seve Ballesteros
58%
1980 Seve Ballesteros
58%
1992 Fred Couples
57%
2009 Angel Cabrera
56%
2000 Vijay Singh
56%
1953 Ben Hogan
55%
1951 Ben Hogan
55%
1991 Ian Woosnam
53%
1988 Sandy Lyle
51%
1993 Bernhard Langer
50%
1985 Bernhard Langer
50%
2003 Mike Weir
50%
1954 Sam Snead
50%
1952 Sam Snead
50%
1949 Sam Snead
50%
2008 Trevor Immelman
48%
2007 Zach Johnson
48%
1999 Jose Maria Olazabal
47%
1994 Jose Maria Olazabal
47%
1995 Ben Crenshaw
46%
1984 Ben Crenshaw
46%
1987 Larry Mize
46%
2011 Charl Schwartzel
45%
1998 Mark O'Meara
45%
1979 Fuzzy Zoeller
38%
1935 Gene Sarazen
38%
1982 Craig Stadler
36%
1942 Byron Nelson
30%
1937 Byron Nelson
30%
1970 Billy Casper
29%
1976 Ray Floyd
27%
1955 Cary Middlecoff
18%
1971 Charles Coody
18%
1950 Jimmy Demaret
17%
1947 Jimmy Demaret
17%
1940 Jimmy Demaret
17%
1973 Tommy Aaron
16%
1936 Horton Smith
15%
1934 Horton Smith
15%
1959 Art Wall
13%
1968 Bob Goalby
13%
1967 Gay Brewer
12%
1941 Craig Wood
11%
1956 Jack Burke
11%
1948 Claude Harmon
10%
1957 Doug Ford
10%
1969 George Archer
10%
1938 Henry Picard
8%
1939 Ralph Guldahl
8%
1946 Herman Keiser
4%
No matching quizzes found
Score Distribution
Percent of People with Each Score
Percentile by Number Answered
Your Score History
You have not taken this quiz